000 00430nam a2200157 i 4500
001 bg
100 1 _aOKULEWICZ, Józef
245 0 _aPodstawy informatyki :
_bmodelowanie symulacyjne /
_cJózef Okulewicz, Maria Seget, Andrzej Wolfenburg.
260 _aWarszawa,
_c1984.
700 1 _aSEGET, Maria
700 1 _aWOLFENBURG, Andrzej
040 _cBPK
041 _apol
942 _cKS
008 s pl f |000 0 pol
999 _c2423
_d2423
856 _uhttp://koha.tu.koszalin.pl/cgi-bin/koha/opac-detail.pl?biblionumber=2423
_yKatalog online BPK